Loading...
| Arts - Music | 3 | 16.67 | 100% | 33% | 33% |
| Arts - Other Arts | 3 | 20.00 | 100% | 67% | 33% |
| Arts - Painting | 2 | 25.00 | 100% | 100% | 50% |
| History - American History | 6 | 16.67 | 100% | 50% | 17% |
| History - European | 2 | 20.00 | 100% | 100% | 0% |
| History - Other History | 3 | 13.33 | 100% | 33% | 0% |
| History - World | 1 | 20.00 | 100% | 100% | 0% |
| History - World History | 1 | 20.00 | 100% | 100% | 0% |
| Literature - American Lit | 4 | 20.00 | 100% | 50% | 50% |
| Literature - British Lit | 4 | 20.00 | 100% | 50% | 50% |
| Literature - European Lit | 5 | 16.00 | 100% | 60% | 0% |
| Literature - World Lit | 8 | 21.25 | 100% | 88% | 25% |
| Mythology | 6 | 10.00 | 100% | 0% | 0% |
| Other - Geo/CE | 7 | 20.00 | 100% | 71% | 29% |
| Other Academic | 4 | 20.00 | 100% | 75% | 25% |
| Pop Culture | 4 | 15.00 | 75% | 50% | 25% |
| Religion | 1 | 10.00 | 100% | 0% | 0% |
| Science - Biology | 6 | 3.33 | 33% | 0% | 0% |
| Science - Chemistry | 5 | 10.00 | 80% | 20% | 0% |
| Science - Engineering | 2 | 20.00 | 100% | 100% | 0% |
| Science - Other Science | 5 | 14.00 | 100% | 40% | 0% |
| Science - Physics | 3 | 16.67 | 100% | 67% | 0% |
| Thought - Philosophy | 4 | 12.50 | 75% | 50% | 0% |
| Thought - Social Science | 4 | 12.50 | 75% | 50% | 0% |